000 00707nam a2200289Ia 4500
005 20260324125820.0
008 008 260324s9999 xx 000 0 eng d
020 _a9781315652962
037 _aEBOOK
040 _aCRL
040 _beng
040 _cCRL
041 _2eng
041 _aeng
084 _qCRL
100 _aBruce Buchan
_91179431
245 0 _aEmpire of Political Thought
245 0 _bIndigenous Australians and the Language of Colonial Government
260 _bTaylor and Francis
260 _c2008
365 _a
365 _b255
856 _uhttp://www.taylorfrancis.com/books/9781315652962
942 _cEBOOK
999 _c1775013
_d1775013